000 00579nam a22002177a 4500
003 OSt
005 20140310182019.0
008 130731t xxu||||| |||| 00| 0 eng d
020 _a9789810699734
020 _a9810699735
050 _aPE 1072
_b.F716w4 2006
082 _aTR 410
_bF763 2006
100 _aForesman, Scott
_92517
245 _aWorld of Language 4 /
_cScott Foresman
260 _aSingapore :
_bPearson,
_cc2006.
300 _axiii, 512 p.
_bill. ;
_c23 cm.
541 _j1
562 _e1
650 _aLanguage.
_91929
942 _2lcc
_cBK-TR
_kTR
999 _c8319
_d8319